[Event "GER-ch U12"]
[Site "Willingen"]
[Date "2016.05.16"]
[Round "4"]
[White "Riemann, Jonas"]
[Black "Tham, Minh"]
[Result "1/2-1/2"]
[WhiteElo "1368"]
[BlackElo "1611"]
[PlyCount "126"]
[EventDate "2016.05.15"]
[EventType "swiss"]
[EventRounds "11"]
[EventCountry "GER"]
[SourceTitle "CBM 172 Extra"]
[Source "ChessBase"]
[SourceDate "2016.06.21"]
[SourceVersion "1"]
[SourceVersionDate "2016.06.21"]
[SourceQuality "1"]

1. e4 e5 2. Nf3 Nc6 3. Bc4 Bc5 4. c3 Nf6 5. d3 d6 6. 0-0 a6 7. Bb3 0-0 8. Be3 Bxe3 9. fxe3 d5 10. exd5 Nxd5 11. Qe2 Be6 12. Nbd2 Re8 13. Qf2 h6 14. Rae1 Qd7 15. Qg3 Nf6 16. Bxe6 Rxe6 17. d4 Rae8 18. Nc4 exd4 19. exd4 Rxe1 20. Nxe1 Qe6 21. b3 b5 22. Nb2 Qe7 23. Ned3 Ne4 24. Qe1 Qa3 25. Rf4 Nf6 26. Qb1 Nd5 27. Rf2 Qd6 28. Qc1 b4 29. Nc4 Qe7 30. cxb4 Ncxb4 31. Qd2 Nxd3 32. Qxd3 Nb4 33. Qf3 Qe6 34. Ne5 f6 35. Nd3 Qd6 36. Nxb4 Qxb4 37. Qd5+ Kh8 38. Qc4 Qb6 39. g3 Qd6 40. Rd2 Qe7 41. Qd3 Qe6 42. d5 Qd6 43. Qd4 Qe7 44. Qd3 Rd8 45. Re2 Qc5+ 46. Kf1 a5 47. Rd2 Qc1+ 48. Rd1 Qb2 49. Rd2 Qa1+ 50. Kg2 Qe5 51. Kf2 Qh5 52. h4 Qf7 53. Qc4 Qd7 54. Qc5 Ra8 55. d6 cxd6 56. Rxd6 Qe7 57. Qd5 Re8 58. Qd2 Qa7+ 59. Kg2 Qb7+ 60. Kh3 Qc8+ 61. Kg2 Qg4 62. Rd8 Qe4+ 63. Kh2 a4 1/2-1/2

[Event "Hessen-ch U12"]
[Site "Bad Homburg"]
[Date "2015.04.03"]
[Round "7"]
[White "Boerkey, Joel"]
[Black "Riemann, Jonas"]
[Result "1/2-1/2"]
[WhiteElo "1333"]
[BlackElo "1408"]
[PlyCount "55"]
[EventDate "2015.03.30"]
[EventType "swiss"]
[EventRounds "9"]
[EventCountry "GER"]
[SourceTitle "EXT 2017"]
[Source "ChessBase"]
[SourceDate "2016.10.25"]
[SourceVersion "1"]
[SourceVersionDate "2016.10.25"]
[SourceQuality "1"]

1. d4 d5 2. c4 e6 3. Nf3 Nf6 4. e3 c5 5. b3 Nc6 6. Bb2 Bd6 7. Bd3 0-0 8. 0-0 b6 9. Nbd2 Bb7 10. Rc1 Rc8 11. Qe2 Qd7 12. Rfd1 Rfd8 13. Nf1 Qe7 14. Ng3 Nb4 15. Bb1 dxc4 16. dxc5 Bxc5 17. Rxd8+ Rxd8 18. a3 Nd3 19. Rxc4 Nxb2 20. Qxb2 Bxa3 21. Qc2 Bc5 22. h3 g6 23. Kh2 Nd5 24. Ne4 Nb4 25. Qb2 Bxe4 26. Bxe4 f5 27. Bb1 Nc6 28. Ne5 1/2-1/2

[Event "Hessen-ch U12"]
[Site "Bad Homburg"]
[Date "2015.04.02"]
[Round "6"]
[White "Riemann, Jonas"]
[Black "Peschel, Julia"]
[Result "1-0"]
[WhiteElo "1408"]
[BlackElo "825"]
[PlyCount "93"]
[EventDate "2015.03.30"]
[EventType "swiss"]
[EventRounds "9"]
[EventCountry "GER"]
[SourceTitle "EXT 2017"]
[Source "ChessBase"]
[SourceDate "2016.10.25"]
[SourceVersion "1"]
[SourceVersionDate "2016.10.25"]
[SourceQuality "1"]

1. e4 e5 2. Nf3 Nc6 3. Bc4 Bc5 4. c3 Nf6 5. d3 d6 6. 0-0 Bg4 7. h3 Bh5 8. Be3 Bb6 9. Nbd2 0-0 10. Bb3 Qd7 11. Bxb6 axb6 12. Qe2 d5 13. Rad1 Rfe8 14. Rfe1 d4 15. Nc4 b5 16. Ncd2 Ne7 17. cxd4 exd4 18. Rc1 Ng6 19. Kh2 Nf4 20. Qf1 Qd6 21. g3 Bxf3 22. Nxf3 Ng6 23. Ng5 Ne5 24. f4 Nc6 25. Bxf7+ Kh8 26. Bxe8 Nxe8 27. Nf7+ Kg8 28. Nxd6 Nxd6 29. a3 Re8 30. Qf2 Nf7 31. Rxc6 bxc6 32. Qxd4 Nd6 33. g4 h6 34. e5 Nc8 35. Qc5 Rf8 36. f5 g5 37. Qxc6 Rf7 38. Qg6+ Rg7 39. Qe8+ Kh7 40. Qxc8 Rf7 41. e6 Re7 42. Qd7 Rg7 43. Qxg7+ Kxg7 44. e7 Kh7 45. e8Q Kg7 46. Re7+ Kf6 47. Qf7# 1-0

[Event "Hessen-ch U12"]
[Site "Bad Homburg"]
[Date "2015.03.30"]
[Round "2"]
[White "Riemann, Jonas"]
[Black "Schwarz, Daniel"]
[Result "0-1"]
[WhiteElo "1408"]
[BlackElo "1478"]
[PlyCount "96"]
[EventDate "2015.03.30"]
[EventType "swiss"]
[EventRounds "9"]
[EventCountry "GER"]
[SourceTitle "EXT 2017"]
[Source "ChessBase"]
[SourceDate "2016.10.25"]
[SourceVersion "1"]
[SourceVersionDate "2016.10.25"]
[SourceQuality "1"]

1. e4 e5 2. Nf3 Nc6 3. Bc4 Nf6 4. Nc3 Nxe4 5. Nxe4 d5 6. Bxd5 Qxd5 7. Nc3 Qd8 8. 0-0 Bg4 9. Qe2 Bd6 10. Qe3 Qd7 11. Ne4 0-0-0 12. c3 f5 13. Nxd6+ Qxd6 14. h3 Bh5 15. Nh4 f4 16. Qe4 Bg6 17. Nxg6 hxg6 18. Rd1 Qd3 19. Re1 g5 20. Qxd3 Rxd3 21. f3 Kd7 22. Re2 Ke6 23. b3 Rhd8 24. Kf1 Ne7 25. Ke1 Nf5 26. Kd1 Ne3+ 27. Ke1 Nc2+ 28. Kf2 Nxa1 29. Kf1 Nc2 30. a4 a5 31. Kf2 c6 32. Kf1 b5 33. axb5 cxb5 34. Re4 b4 35. cxb4 Nxb4 36. Bb2 R8d5 37. Bc3 Na2 38. Ke1 Nxc3 39. dxc3 Rxc3 40. Kf2 Rxb3 41. Re2 a4 42. Ra2 a3 43. Ke1 Rb1+ 44. Ke2 Rb2+ 45. Rxb2 axb2 46. Ke1 b1Q+ 47. Ke2 Qc2+ 48. Ke1 Rd1# 0-1